Catálogo público

Intake and digestibility of alfalfa grazed by sheep, as measured by indicator technique versus total fecal collection, and as affected by ingested sodium silicate / (Record no. 164444)

MARC details
000 -CABECERA
campo de control de longitud fija 00946nam a2200289Ia 4500
001 - NÚMERO DE CONTROL
campo de control Z_1356
003 - IDENTIFICADOR DEL NÚMERO DE CONTROL
campo de control CHAP
008 - DATOS DE LONGITUD FIJA--INFORMACIÓN GENERAL
campo de control de longitud fija 220113s1974 xx 000 0 und d
010 ## - NÚMERO DE CONTROL DE LA BIBLIOTECA DEL CONGRESO
Número de control de LC 164444
040 ## - FUENTE DE LA CATALOGACIÓN
Centro/agencia transcriptor CHAP
090 ## - LOCALMENTE ASIGNADO TIPO-LC NÚMERO DE CLASIFICACIÓN (OCLC); NÚMERO DE CLASIFICACIÓN LOCAL (RLIN)
Número de clasificación (OCLC) (R) ; Numero de clasificación, CALL (RLIN) (NR) Tesis O 161
100 ## - ENTRADA PRINCIPAL--NOMBRE DE PERSONA
Nombre de persona Orcasberro, Ruy
9 (RLIN) 83403
245 ## - MENCIÓN DE TÍTULO
Título Intake and digestibility of alfalfa grazed by sheep, as measured by indicator technique versus total fecal collection, and as affected by ingested sodium silicate /
Mención de responsabilidad, etc. by Ruy Orcasberro
260 ## - PUBLICACIÓN, DISTRIBUCIÓN, ETC.
Lugar de publicación, distribución, etc. Las Cruces, New México :
Nombre del editor, distribuidor, etc. The author,
Fecha de publicación, distribución, etc. 1974
300 ## - DESCRIPCIÓN FÍSICA
Extensión 88 h
502 ## - NOTA DE TESIS
Nota de tesis Thesis (Master of Science) -- New México State University. Department of Animal Science
650 ## - PUNTO DE ACCESO ADICIONAL DE MATERIA--TÉRMINO DE MATERIA
Término de materia o nombre geográfico como elemento de entrada Alfalfa como forraje
9 (RLIN) 3899
650 #7 - PUNTO DE ACCESO ADICIONAL DE MATERIA--TÉRMINO DE MATERIA
Término de materia o nombre geográfico como elemento de entrada Forrajes
Subdivisión general Digestibilidad
Fuente del encabezamiento o término
9 (RLIN) 42568
650 ## - PUNTO DE ACCESO ADICIONAL DE MATERIA--TÉRMINO DE MATERIA
Término de materia o nombre geográfico como elemento de entrada Ganado lanar
Subdivisión general Alimentación
9 (RLIN) 45153
650 ## - PUNTO DE ACCESO ADICIONAL DE MATERIA--TÉRMINO DE MATERIA
Término de materia o nombre geográfico como elemento de entrada Silicatos
9 (RLIN) 105939
901 ## - ELEMENTOS DE DATOS A LOCAL LDA (RLIN)
a TESIS O 161
902 ## - ELEMENTOS DE DATOS B LOCAL, LDB (RLIN)
a M
910 ## - DATOS DE OPCIÓN DEL USUARIO (OCLC)
Datos de opción del usuario 1974
942 ## - ELEMENTOS DE PUNTO DE ACCESO ADICIONAL (KOHA)
Tipo de ítem Koha Tesis_
942 ## - ELEMENTOS DE PUNTO DE ACCESO ADICIONAL (KOHA)
Tipo de ítem Koha Tesis_
Holdings
Estado de retiro Estado de pérdida Fuente del sistema de clasificación o colocación Estado dañado Restricciones de uso No para préstamo Código de colección Localización permanente Ubicación/localización actual Fecha de adquisición Fuente de adquisición Total de préstamos Signatura topográfica completa Código de barras Fecha visto por última vez Número de copia Precio válido a partir de Tipo de ítem Koha
    Clasificación Universidad Autónoma de Chapingo   Préstamo interno   Tesis Zootecnia Zootecnia 09/11/2005 El autor   Tesis O77 161 1974 5101000233 18/01/2022 Ej.1 18/01/2022 Tesis